| 000 | 00799cam a2200229 4500 | ||
|---|---|---|---|
| 001 | ABS62544 | ||
| 008 | 000000n2000 000 0 eng u | ||
| 035 | _a(Sirsi) u106469 | ||
| 100 | _aBarnett, C. | ||
| 245 | _aResearch Foundation promotes rural debate | ||
| 260 | _c2000 | ||
| 490 |
_aCSM (Chartered Surveyor Monthly) _vJune 2000, 26-27(2) |
||
| 520 | _aReviews the main themes of the latest ROOTS conference; the rural economy; sustainable rural land use; rural land management; the economics of land ownership and marketing issues. | ||
| 590 | _aABS | ||
| 650 | _aROOTS 2000 | ||
| 650 | _aRURAL ISSUES | ||
| 650 | _aRURAL LAND MANAGEMENT | ||
| 650 | _aLAND OWNERSHIP | ||
| 650 | _aABOUT RICS-RELATED ORGANISATIONS-RICS RESEARCH FOUNDATION | ||
| 690 |
_aRural _96268 |
||
| 942 | _n0 | ||
| 999 |
_c63777 _d63777 |
||